| 000 | 00583nam a2200205Ia 4500 | ||
|---|---|---|---|
| 005 | 20250508165125.0 | ||
| 008 | 008 250505s9999 xx 000 0 eng d | ||
| 020 | _a978-81-89524-45-6 | ||
| 037 | _aTextual | ||
| 040 |
_aFEDL _beng _cFEDL |
||
| 041 |
_aeng _2eng |
||
| 084 |
_a294, BRA _qFEDL |
||
| 100 |
_aBraj Ranjan Mani _9779941 |
||
| 245 | 0 | _aDebrahmanising history: Dominance and resistance in Indian society | |
| 260 |
_aNew Delhi, India _bManohar _c2011 |
||
| 300 | _a456p. | ||
| 365 |
_aINR _b395 |
||
| 942 |
_cTEXL _h294, BRA |
||
| 999 |
_c1393278 _d1393278 |
||